Zlepšenie výrobného procesu na montážnej linke 349 VAG

Saved in:
Bibliographic Details
Main Author: Hesko, Ján (Author)
Other Authors: Kučerová, Marta (Thesis advisor)
Format: Manuscript Book
Language:Slovak
Published: 2020
Subjects:
Online Access:http://is.stuba.sk/zp/portal_zp.pl?podrobnosti=160695
Tags: Add Tag
No Tags, Be the first to tag this record!

MARC

LEADER 00000ntm a22000003a 4500
001 stuzp78279
003 SK-STU
005 20200704211855.0
007 ta
008 150427s2015----xo-----f-mn---000-0-slo-d
040 |a STU  |b slo 
041 0 |a slo 
100 1 |a Hesko, Ján  |u 064000  |k Z4  |4 aut  |U MTF Materiálovotechnologická fakulta  |T MTF Ústav priemyselného inžinierstva a manažmentu  |X 73480  |U M4000  |Y 84  |7 73480 
242 0 1 |a Production process´ improvement at assembly line 349 VAG  |y eng 
245 1 0 |a Zlepšenie výrobného procesu na montážnej linke 349 VAG 
260 |c 2020 
650 4 |a projekt  |2 slo 
650 4 |a Six Sigma  |2 slo 
650 4 |a DMAIC  |2 slo 
650 4 |a úspora  |2 slo 
650 4 |a zlepšenie  |2 slo 
650 4 |a DMAIC  |2 eng 
650 4 |a saving  |2 eng 
650 4 |a Six Sigma  |2 eng 
650 4 |a project  |2 eng 
650 4 |a improvement  |2 eng 
700 1 |a Kučerová, Marta  |u 064000  |k Z1  |4 ths  |U MTF Materiálovotechnologická fakulta  |T MTF Ústav priemyselného inžinierstva a manažmentu  |X 1489  |U M4000  |Y 84  |7 A000001489 
856 4 |u http://is.stuba.sk/zp/portal_zp.pl?podrobnosti=160695 
996 |c M* DP-14226  |l MMSKP  |s P  |a 0  |w stuzp78279_0001